Поезій (Запис № 580698)

МАРК-запис
000 -LEADER
fixed length control field 00273 a2200109 4500
005 - DATE AND TIME OF LATEST TRANSACTION
control field 20260513164726.0
100 ## - MAIN ENTRY--PERSONAL NAME
Personal name Кітс Д.
9 (RLIN) 25231
245 ## - TITLE STATEMENT
Title Поезій
260 ## - PUBLICATION, DISTRIBUTION, ETC. (IMPRINT)
Name of publisher, distributor, etc Дніпро
Date of publication, distribution, etc 1968
440 ## - SERIES STATEMENT/ADDED ENTRY--TITLE
Title Перлини світової лірики
9 (RLIN) 25232
942 ## - ADDED ENTRY ELEMENTS (KOHA)
Koha item type Книги

Немає доступних примірників.